Hirdetmény
Oznam riaditeľa humenskej štátnej rezbárskej školy o tom, že pod č. 68678/1912- VI.B povoľuje uhorský minister obchodu organizovať bezplatné kurzy pre živnostníkov pri menovanej škole.
| Hlavný autor: | |
|---|---|
| Médium: | Článok |
| Jazyk: | Hungarian |
| Témy: | |
| Zdroj: |
1. Felvidéki Hirlap 1. Roč. 5, č. 42 (03.11.1912) s. 3 |
| LEADER | 00991nab#a2200325#ar4500 | ||
|---|---|---|---|
| 001 | 000074082 | ||
| 003 | SVKKK | ||
| 005 | 20040609xxxxxxx. | ||
| 008 | 06 c xo huno | ||
| FMT | |||
| 038 | |a SVKKK | ||
| 040 | |a SVKKK |b slo |e AACR2 | ||
| 041 | 0 | |a hun | |
| 044 | |a xo |c SK | ||
| 080 | |a 377 | ||
| 100 | 1 | |a Édes, Július |4 aut | |
| 242 | 1 | 0 | |a Oznam |
| 245 | 1 | 0 | |a Hirdetmény |c Július Édes |
| 500 | |a Gyula | ||
| 500 | |a mikrofilm | ||
| 520 | 2 | |a Oznam riaditeľa humenskej štátnej rezbárskej školy o tom, že pod č. 68678/1912- VI.B povoľuje uhorský minister obchodu organizovať bezplatné kurzy pre živnostníkov pri menovanej škole. | |
| 650 | 0 | 4 | |a Humenská štátna rezbárska škola - kurzy pre živnostníkov - organizovanie - Humenné - rok 1912 - oznamy |
| 773 | 0 | |t Felvidéki Hirlap |g Roč. 5, č. 42 (03.11.1912) s. 3 | |
| 957 | |a Humenné | ||
| 958 | |a DG | ||
| 958 | |a SK | ||
| 974 | |a Ba |d 20040609 | ||
| 992 | |a RBX | ||
| BAS | |||
| 998 | |a RETRO | ||